000 00483nam a2200193Ia 4500
008 240509s9999 xx 000 0 und d
020 _a020112078X
041 _aEng
082 _a005.117
082 _bS76
100 _aSTROUSTRUP, Bjarne
245 4 _aThe C++ programming language
260 _bAddison-Wesley, Reading, Mass
260 _c1986
300 _a328 p.
650 _aProgramming languages : OBJECT ORIENTED PROGRAMMING : C++
942 _2ddc
942 _cLBK
999 _c22635
_d22635
945 _a1
_bMadushi Gamage
_c1
_dMadushi Gamage